000 00356pam a2200157a 44500
008 230515b2006 xxu||||| |||| 00| 0 eng d
020 _aNULL
041 _aENG
082 _a612
100 _aC N Chandra shekar
245 _aManipal Manual of physiology
250 _aNULL
260 _aNULL
_b"C B S, nd, 0"
_c2006
300 _a239
650 _aN.D.
999 _c524331
_d524331